Desde cerca (Registro nro. 70803)
[ vista simple ]
| 000 -ENCABEZADO | |
|---|---|
| Número de control [NR] | 01880nam a2200253Ia 4500 |
| 005 - FECHA Y HORA DE LA ÚLTIMA TRANSACCIÓN | |
| control field | 20170801113645.0 |
| 008 - DE LONGITUD FIJA DE DATOS DE ELEMENTOS - INFORMACIÓN GENERAL | |
| Elementos de longitud fija [NR] | 130821s1908 fr fr 1 spa d |
| 040 ## - FUENTE DE CATALOGACION [NR] | |
| Agencia de catalogación original [NR] | Co-BoUCM |
| Idioma de catalogación [NR] | spa |
| Quien Cataloga | Sandra Yazo |
| Quien Clasifica | Sandra Yazo |
| 041 0# - CODIGO DE IDIOMA [R] | |
| Código de idioma para texto/pista de sonido o título separado [R] | Español |
| 082 04 - NUMERO DE CLASIFICACION DECIMAL DEWEY [R] | |
| Número de clasificación [R] | 320.986 |
| Número de la edición [NR] | 20 |
| 092 ## - SIGNATURA TOPOGRAFICA LOCAL | |
| Número de clasificación local | E07N041 |
| 100 1# - ASIENTO PRINCIPAL--NOMBRE PERSONAL [NR] | |
| Nombre personal [NR] | Holguín, Jorge |
| Fechas asociadas con el nombre [NR] | 1848-1928 |
| ID Autoridad | 61455 |
| 245 10 - MENCION DE TITULO [NR] | |
| Título [NR] | Desde cerca |
| Parte restante del título [NR] | (Asuntos colombianos) |
| Mención de responsabilidad, etc. [NR] | Por Jorge Holguín |
| 260 ## - PUBLICACION, DISTRIBUCION, ETC. (PIE DE IMPRENTA) [R] | |
| Lugar de publicación, distribución, etc. [R] | París (Francia) |
| Nombre del editor, distribuidor, etc. [R] | Librairie Générale et Internationale. G. Ficker [Librería general e internacional de G. Ficker] |
| -- | Imp. de J. Dumoulin |
| Fecha de publicación, distribución, etc. [R] | 1908 |
| 300 ## - DESCRIPCION FISICA [R] | |
| Extensión [R] | xiii, 324 páginas |
| Dimensiones [R] | 23 x 14 cm |
| 500 ## - NOTA GENERAL [R] | |
| Nota general [NR] | Detalles físicos: Encuadernación rígida en cartón forrado en tela encolada. Adornos en dorado sobre el lomo y la tapa delantera, además con recuadro repujado. Guardas. Hoja de cortesía. Anteportada. Portada impresa en una sola tinta. Texto impreso en una columna, con varios tamaños de letra. Algunas notas al pie de página. Al final una tabla. Papel manchado |
| 505 0# - NOTA DE CONTENIDO CON FORMATO PREESTABLECIDO [R] | |
| Nota de contenido con formato preestablecido [NR] | Repúblicas pobres y repúblicas ricas ; Los Estadistas colombianos ; Origen de la deuda exterior ; Resultados del 23 de Mayo ; Primer banco que se estableció en Bogotá ; La verdad en la deuda ; 1874 a 1879 ; 1905 ; Panamá y los Bondholders ; La Pizarra ; La doctrina de los poderosos ; El Convenio de 1905 ; Deuda exterior consolidada de Colombia ; Cargos y descargos ; Cuentas tristes ; El general Reyes ; La asamblea nacional ; Contradicciones y comprobaciones ; Pleitos en París ; Terminación de los pleitos ; Apéndices |
| 506 ## - NOTA DE RESTRICCIONES DE ACCESO [R] | |
| Condiciones de acceso [NR] | Consulta en sala |
| 650 #7 - ASIENTO SECUNDARIO DE MATERIA - TERMINO TEMATICO [R] | |
| Término temático o nombre geográfico como elemento de entrada [NR] | Finanzas |
| Subdivisión geográfica [R] | Colombia |
| Subdivisión de forma [R] | Ensayos, conferencias, etc. |
| 9 (RLIN) | 7628 |
| 651 #4 - ASIENTO SECUNDARIO DE MATERIA - NOMBRE GEOGRAFICO [R] | |
| Nombre geográfico [NR] | Colombia |
| Subdivisión general [R] | Aspectos económicos |
| Subdivisión de forma [R] | Ensayos, conferencias, etc. |
| 9 (RLIN) | 26606 |
| 651 #4 - ASIENTO SECUNDARIO DE MATERIA - NOMBRE GEOGRAFICO [R] | |
| Nombre geográfico [NR] | Colombia |
| Subdivisión general [R] | Política y gobierno |
| Subdivisión de forma [R] | Ensayos, conferencias, etc. |
| 9 (RLIN) | 84140 |
| 690 ## - ASUNTO AGREGADO LOCAL DE ENTRADA - TÉRMINO TEMÁTICO (OCLC, RLIN) | |
| Acceso temático local | Colombia |
| 9 (RLIN) | 45215 |
| 942 ## - ELEMENTOS DE ENTRADA AGREGADOS (KOHA) | |
| Tipo de ítem principal el descrito en 300a | Libro |
| Tema principal | 6 |
| Edición | 1 |
| Sistema de clasificación | LOCAL |
| Clasificación | E07N041 |
| Suprimido | Perdido | Sistema de clasificación | Dañado | No prestable | Tipo de ítem específico | Ubicación habitual | Ubicación actual | Localización | Fecha de creación | Forma de adquisición | Costo | Volúmen / Fascículo | Total préstamos | Código de barras | Última vez visto | Ejemplar | Price effective from | Tipo de ítem |
|---|---|---|---|---|---|---|---|---|---|---|---|---|---|---|---|---|---|---|
| DEWEY | Libro archivo | Archivo Histórico | Archivo Histórico | Archivo histórico | 28/02/2014 | Donación | 0.00 | E07N041 | L001114 | 15/12/2012 | Ej.1 | 03/02/2013 | Libro |